Statistiken für Geboren in Villach

Klicken Sie hier um das Quiz zu spielen!

Allgemein

  • Dieses Quiz wurde 4 mal gespielt
  • Das Durchschnittsergebnis liegt bei 4 aus 11

Antwortstatistiken

HinweisAntwort% Korrekt
ehemaliger Fußballnationalspieler, Rapid Wien (früher Schalke, Nürnberg und St. Pauli)1989Guido Burgstaller
75%
ehemaliger Tennisspieler und Wimbledonachtelfinalist1966Alex Antonitsch
50%
Snowboarderin, zweifache Olympiasiegerin und Weltmeisterin in der Big Air Disziplin1991Anna Gasser
50%
Klubobfrau der Grünen von 2008 bis 20171969Eva Glawischnig
50%
FPÖ-Bundesparteiobmann seit 2021 und Bundesinnenminister von 2017 bis 20191968Herbert Kickl
50%
Skirennläuferin und olympische Goldmedaillengewinnerin mit der Mannschaft1996Katharina Truppe
25%
Skirennläufer, Weltmeister in der Kombination und olympischer Silbermedaillengewinner mit der Mannschaft1995Marco Schwarz
25%
ehemaliger Skispringer, Weltmeister und Olympiasieger mit der Mannschaft1982Martin Koch
25%
Eishockeyspieler, der in der NHL vor allem für die New York Islanders spielte1987Michael Grabner
0%
Eishockeyspieler, der in der NHL vor allem für die Philadelphia Flyers aktiv war1988Michael Raffl
0%
bedeutender Kommunikationswissenschaftler und Autor des populärwissenschaftlichen Werks "Anleitung zum Unglücklichsein"1921Paul Watzlawick
0%

Verteilung der Resultate

Perzentil nach korrekt beantworteten Fragen

Anzahl Personen mit jedem Resultat

Ihre Resultats-Entwicklung

Sie haben dieses Quiz noch nicht gespielt